00871 2200301 4500001002100000005001500021035002000036007000300056008004100059020002200100040002200122082001400144084001600158090002000174090002200194100002300216245008100239300003800320650002400358700003100382850001200413041000800425264004000433336002100473337003000494338002300524990002200547INLIS00000000084841120190618125900 a0010-0619000366ta190618s2018 yoia g ind d a978-602-61408-6-9 aYOPDYOGbinderda04223a791.5 a791.5 SUM n aDEP 791.5 SUM n aCB-D.11 2018-28310 aSumaryadiePenulis10aNilai estetika dalam lakon ketoprak /cSumaryadi; editor, Tim New Transmedia av, 244 halaman :bgrafik ;c24 cm 4aKetoprak (Kesenian)0 aTim New Transmediaeeditor aYOPDYOG0 aind34aYogyakarta :bNew Transmedia,c2018 2rdacontentateks 2rdamediaatanpa perantara 2rdacarrieravolume aCB-D.11/2018-2831